| 000 | 01596cam a22004934i 4500 | ||
|---|---|---|---|
| 003 | PE-LiUPU | ||
| 005 | 20250731173118.0 | ||
| 008 | 200219s2017 xxu rb 001 0 spa d | ||
| 020 | _a1890718467 | ||
| 020 | _a9781890718466 | ||
| 035 | _a(Sirsi) a252826 | ||
| 040 |
_aPE-LiUPU _bspa _cPE-LiUPU _erda |
||
| 049 | _aPRUA | ||
| 082 | 0 | 4 |
_a224.1332 _C75 _223 |
| 100 | 1 |
_aColeman, Christopher J., _eautor. |
|
| 245 |
_aEscudriñando Isaías en el Libro de Mormón / _cChristopher J. Coleman. |
||
| 250 | _aSegunda edición. | ||
| 264 | 1 |
_aEstados Unidos : _bEborn Books, _c2017. |
|
| 300 |
_a409 páginas ; _c23 centímetros |
||
| 336 |
_atext _2rdacontent |
||
| 337 |
_aunmediated _2rdamedia |
||
| 338 |
_avolume _2rdacarrier |
||
| 504 | _aBibliografía: páginas 361-368. | ||
| 504 | _aÍndice: páginas 369-408. | ||
| 505 | 0 | _aUn cimiento firme -- Una casa de instrucción -- Una piedra de coronamiento. | |
| 526 | _aSEG42 | ||
| 526 | _aSEG41 | ||
| 526 | _aSEG40 | ||
| 526 | _aSEG39 | ||
| 526 | _aP94 | ||
| 526 | _aP87 | ||
| 526 | _aP86 | ||
| 526 | _aP85 | ||
| 526 | _aP77 | ||
| 526 | _aP76 | ||
| 526 | _aP35 | ||
| 630 | 0 | 4 |
_aBiblia. _pA.T. _pIsaías _xLibro de Mormón. |
| 910 |
_adbm _bksl _cksl _d20190227 |
||
| 942 |
_2ddc _cBOOK |
||
| 994 |
_aC0 _bPEPRU |
||
| 596 | _a1 | ||
| 999 |
_a224.1332 C75 _wDEWEY _c32043 _i81001 _d32043 _f2021-11-9 _g1 _lCCODEBUL1 _mBUL _p24.95 _q3 _r0 _sY _tBOOK _u2020-2-19 _xTEOLOGIA _zP35 _0DONACION _o.STAFF. Colección Teología |
||
| 980 |
_81 _gALBERTO SANCHEZ Responsable de Automatización |
||